Конституция Российской Федерации (Запись № 964008)

Подробности
000 -МАРКЕР
контрольное поле 01883nam0a2200349 4500
001 - ИДЕНТИФИКАТОР ЗАПИСИ
контрольное поле RU\NLR\bibl\1666800
005 - ИДЕНТИФИКАТОР ВЕРСИИ
контрольное поле 20260409074021.0
010 ## - МЕЖДУНАРОДНЫЙ СТАНДАРТНЫЙ НОМЕР КНИГИ (ISBN)
Номер (ISBN) 978-5-7260-1111-0
Тираж 1000
021 ## - НОМЕР ГОСУДАРСТВЕННОЙ РЕГИСТРАЦИИ
Код страны российская федерация
Номер 2010-55308
Номер Листа государственной регистраци 3625
035 ## - ДРУГИЕ СИСТЕМНЫЕ НОМЕРА
Идентификатор записи (NLR Aleph) 001658073
100 ## - ДАННЫЕ ОБЩЕЙ ОБРАБОТКИ
Данные общей обработки 20100823d2010 |||y0rusy50 ca
101 0# - ЯЗЫК РЕСУРСА
Язык текста, звукозаписи и т.д. русский
-- английский
-- французский
-- испанский, кастильский испанский
102 ## - СТРАНА ПУБЛИКАЦИИ ИЛИ ПРОИЗВОДСТВА
Страна публикации российская федерация
105 ## - ПОЛЕ КОДИРОВАННЫХ ДАННЫХ: ТЕКСТОВЫЕ МАТЕРИАЛЫ, МОНОГРАФИЧЕСКИЕ
Кодированные данные о монографическом текстовом документе y |||||||||
200 1# - ЗАГЛАВИЕ И СВЕДЕНИЯ ОБ ОТВЕТСТВЕННОСТИ
Основное заглавие Конституция Российской Федерации
Параллельное заглавие The constitution of the russian federation
-- Lą cоnstitution de la fédération de Russie
Сведения, относящиеся к заглавию [на русском, английском, французском, немецком и испанском языках
-- принята всенародным голосованием 12 декабря 1993 г.]
Язык параллельного заглавия английский
-- французский
210 ## - ПУБЛИКАЦИЯ, РАСПРОСТРАНЕНИЕ И ДР.
Место издания, распространения и т.д. Москва
Имя издателя, распространителя и т. д. Юридическая литература
Дата издания, распространения и т.д. 2010
215 ## - ФИЗИЧЕСКАЯ ХАРАКТЕРИСТИКА
Специфическое обозначение материала и объем 431 с.
Размеры 15
300 ## - ОБЩИЕ ПРИМЕЧАНИЯ
Текст примечания Парал. загл. также на нем. и исп. яз.
604 ## - ИМЯ И ЗАГЛАВИЕ КАК ПРЕДМЕТ
Связываемые данные 21001$aРоссийская Федерация
-- 230##$aКонституция$k1993
Имя лица Российская Федерация
Заглавие Конституция
Идентификатор авторитетной/нормативной записи RU\NLR\AUTH\661276196
Системный номер авторитетной/нормативной записи 2111763
686 ## - ИНДЕКСЫ ДРУГИХ КЛАССИФИКАЦИЙ
Индекс Х620.12Р02"1993"
740 #1 - УСЛОВНОЕ НАИМЕНОВАНИЕ / ЗАГЛАВИЕ ДЛЯ ЗАКОНОДАТЕЛЬНЫХ И РЕЛИГИОЗНЫХ ТЕКСТОВ - ПЕРВИЧНАЯ ОТВЕТСТВЕННОСТЬ
Начальный элемент ввода Российская Федерация
Обозначение вида документа Конституция
Дата официального издания, или дата версии, или дата подписания 1993
Идентификатор авторитетной/нормативной записи RU\NLR\AUTH\8810001333
-- 499819
741 #1 - УСЛОВНОЕ НАИМЕНОВАНИЕ / ЗАГЛАВИЕ ДЛЯ ЗАКОНОДАТЕЛЬНЫХ И РЕЛИГИОЗНЫХ ТЕКСТОВ - АЛЬТЕРНАТИВНАЯ ОТВЕТСТВЕННОСТЬ
-- fre
Начальный элемент ввода Fédération de Russie
Обозначение вида документа Constitution
Дата официального издания, или дата версии, или дата подписания 1993
Графика поля Латинская
Идентификатор авторитетной/нормативной записи RU\NLR\AUTH\8810050550
-- 601236
741 #1 - УСЛОВНОЕ НАИМЕНОВАНИЕ / ЗАГЛАВИЕ ДЛЯ ЗАКОНОДАТЕЛЬНЫХ И РЕЛИГИОЗНЫХ ТЕКСТОВ - АЛЬТЕРНАТИВНАЯ ОТВЕТСТВЕННОСТЬ
-- ger
Начальный элемент ввода Russische Federation
Обозначение вида документа Verfassung
Дата официального издания, или дата версии, или дата подписания 1993
Графика поля Латинская
Идентификатор авторитетной/нормативной записи RU\NLR\AUTH\8810079477
-- 661117
741 #1 - УСЛОВНОЕ НАИМЕНОВАНИЕ / ЗАГЛАВИЕ ДЛЯ ЗАКОНОДАТЕЛЬНЫХ И РЕЛИГИОЗНЫХ ТЕКСТОВ - АЛЬТЕРНАТИВНАЯ ОТВЕТСТВЕННОСТЬ
-- spa
Начальный элемент ввода Federación de Rusia
Обозначение вида документа Constitución
Дата официального издания, или дата версии, или дата подписания 1993
Графика поля Латинская
Идентификатор авторитетной/нормативной записи RU\NLR\AUTH\8810161397
-- 818676
741 #1 - УСЛОВНОЕ НАИМЕНОВАНИЕ / ЗАГЛАВИЕ ДЛЯ ЗАКОНОДАТЕЛЬНЫХ И РЕЛИГИОЗНЫХ ТЕКСТОВ - АЛЬТЕРНАТИВНАЯ ОТВЕТСТВЕННОСТЬ
-- eng
Начальный элемент ввода Russian Federation
Обозначение вида документа Constitution
Дата официального издания, или дата версии, или дата подписания 1993
Графика поля Латинская
Идентификатор авторитетной/нормативной записи RU\NLR\AUTH\8810003860
-- 505001
801 #0 - ИСТОЧНИК ЗАПИСИ
Страна российская федерация
Организация NLR
Дата составления 20100823
Правила каталогизации RCR
801 #1 - ИСТОЧНИК ЗАПИСИ
Страна российская федерация
Организация NLR
Дата составления 20100823
942 ## - ДОПОЛНИТЕЛЬНЫЕ ЭЛЕМЕНТЫ ЗАПИСИ (АБИС)
Тип экземпляра АБИС Книга
980 ## - КОЛЛЕКЦИЯ
Название коллекции Национальная библиография
Экземпляры
Тип экземпляра Дата поступления Источник поступления Библиотека постоянного хранения Библиотека текущего хранения Место хранения Шифр хранения Штрих-код Статус не для выдачи
Книга 23.08.2010 Обязательный экземпляр РНБ (Московский) РНБ (Московский) Русский книжный фонд: издания с 1957 года, 8этаж 2010-1/600 3234498  
Книга 23.08.2010 Обязательный экземпляр РНБ (Московский) РНБ (Московский) Русский книжный фонд: издания с 1957 года, 8этаж 2010-1/600 3234499